Fifa 19 Player Overall 85+ - Statistiken

Allgemein
  • Dieses Quiz wurde 137 mal gespielt
  • Das Durchschnittsergebnis liegt bei 77 aus 109
Antwortstatistiken
Overall Verein Position Nationalität Alter Antwort % Korrekt
94 Juventus Turin ST Portugal 33 Cristiano Ronaldo
100%
94 FC Barcelona CF Argentinien 31 Lionel Messi
100%
92 Paris Saint-Germain LW Brasilien 26 Neymar
99%
90 Tottenham Hotspur ST England 24 Harry Kane
98%
91 Manchester City CAM Belgien 27 Kevin de Bruyne
97%
91 Real Madrid CM Kroatien 32 Luka Modric
97%
90 FC Bayern München ST Polen 29 Robert Lewandowski
97%
91 Atletico Madrid GK Slowenien 25 Jan Oblak
96%
91 FC Barcelona ST Uruguay 31 Luis Suarez
96%
90 Manchester United GK Spanien 27 David de Gea
94%
91 FC Chelsea LW Belgien 27 Eden Hazard
93%
89 FC Liverpool RW Ägypten 26 Mohamed Salah
92%
89 Real Madrid CM Deutschland 28 Toni Kroos
92%
89 Paris Saint-Germain ST Uruguay 31 Edinson Cavani
91%
89 FC Barcelona GK Deutschland 26 Marc-Andre ter Stegen
91%
90 Real Madrid CB Spanien 32 Sergio Ramos
91%
88 FC Bayern München GK Deutschland 32 Manuel Neuer
90%
89 Atletico Madrid CF Frankreich 27 Antoine Griezmann
89%
89 FC Liverpool CB Niederlande 26 Virgil van Dijk
89%
90 Manchester City CAM Spanien 32 David Silva
88%
88 Paris Saint-Germain ST Frankreich 19 Kylian Mbappe
88%
88 Borussia Dortmund CAM Deutschland 29 Marco Reus
88%
89 FC Chelsea CDM Frankreich 27 N'Golo Kante
87%
89 Juventus Turin CAM Argentinien 24 Paulo Dybala
87%
88 Paris Saint-Germain CB Brasilien 33 Thiago Silva
87%
86 Manchester City CAM Portugal 23 Bernardo Silva
86%
88 Tottenham Hotspur CAM Dänemark 26 Christian Eriksen
86%
87 FC Liverpool GK Brasilien 25 Alisson
85%
85 Tottenham Hotspur CAM England 22 Dele Alli
85%
87 Tottenham Hotspur CF Südkorea 25 Heung Min Son
85%
88 FC Arsenal ST Gabun 29 Pierre-Emerick Aubameyang
85%
87 FC Liverpool LW Senegal 26 Sadio Mane
85%
90 Juventus Turin CB Italien 33 Giorgio Chiellini
84%
88 Tottenham Hotspur GK Frankreich 31 Hugo Lloris
84%
88 Real Madrid GK Belgien 26 Thibaut Courtois
84%
88 FC Barcelona CB Spanien 31 Gerard Pique
83%
88 FC Bayern München CB Deutschland 29 Mats Hummels
83%
88 Manchester United CM Frankreich 25 Paul Pogba
83%
89 Manchester City ST Argentinien 30 Sergio Agüero
83%
89 FC Barcelona CDM Spanien 29 Sergio Busquets
82%
87 Real Madrid CDM Brasilien 26 Casemiro
81%
90 Atletico Madrid CB Uruguay 32 Diego Godin
81%
87 FC Bayern München CAM Kolumbien 26 James Rodriguez
80%
87 Real Madrid GK Costa Rica 31 Keylor Navas
80%
86 Juventus Turin CB Italien 31 Leonardo Bonucci
79%
86 Manchester City LW Deutschland 22 Leroy Sane
77%
86 FC Bayern München CAM Deutschland 28 Thomas Müller
77%
87 FC Bayern München CM Spanien 27 Thiago
76%
86 Manchester City GK Brasilien 24 Ederson
75%
87 FC Barcelona LB Spanien 29 Jordi Alba
75%
86 Real Madrid RW Wales 28 Gareth Bale
74%
86 FC Bayern München RB Deutschland 23 Joshua Kimmich
74%
88 SSC Neapel CB Senegal 27 Kalidou Koulibaly
74%
86 Real Madrid ST Frankreich 30 Karim Benzema
74%
87 Manchester City RW England 23 Raheem Sterling
74%
86 Manchester United ST Belgien 25 Romelu Lukaku
74%
88 Inter Mailand GK Slowenien 33 Samir Handanovic
74%
87 Lazio Rom ST Italien 28 Ciro Immobile
73%
86 Real Madrid CB Frankreich 25 Raphael Varane
72%
87 FC Barcelona CM Kroatien 30 Ivan Rakitic
71%
86 Real Madrid LB Brasilien 30 Marcelo
71%
87 FC Barcelona CB Frankreich 24 Samuel Umtiti
69%
86 Paris Saint-Germain CM Italien 25 Marco Verratti
67%
85 Ajax Amsterdam CB Niederlande 18 Matthjs de Ligt
67%
85 LA Galaxy ST Schweden 36 Zlatan Ibrahimovic
66%
86 FC Liverpool CF Brasilien 26 Roberto Firmino
65%
86 Paris Saint-Germain GK Italien 40 Gianluigi Buffon
64%
86 Juventus Turin CM Bosnien & Herzegowina 28 Miralem Pjanic
64%
85 Paris Saint-Germain RW Argentinien 30 Angel di Maria
63%
87 SSC Neapel CF Belgien 31 Dries Mertens
63%
85 FC Arsenal CAM Deutschland 29 Mesut Özil
63%
87 Real Madrid CAM Spanien 26 Isco
61%
85 Manchester City RW Algerien 27 Riyad Mahrez
61%
85 AS Roma ST Bosnien & Herzegowina 32 Edin Dzeko
60%
87 Tottenham Hotspur CB Belgien 31 Jan Vertonghen
60%
85 Lazio Rom CM Serbien 23 Sergej Milinkovic-Savic
60%
85 FC Barcelona CM Chile 31 Arturo Vidal
58%
87 Manchester City CDM Brasilien 33 Fernandinho
58%
85 FC Porto CB Portugal 35 Pepe
58%
85 Borussia Dortmund CDM Belgien 29 Axel Witsel
57%
85 Sporting Lissabon CAM Portugal 23 Bruno Fernandes
57%
85 Paris Saint-Germain CB Brasilien 24 Marquinhos
57%
85 Borussia Dortmund GK Schweiz 27 Roman Bürki
57%
87 Tottenham Hotspur CB Belgien 29 Toby Alderweireld
57%
85 Real Madrid RB Spanien 26 Dani Carvajal
56%
87 FC Chelsea ST Argentinien 30 Gonzalo Higuain
56%
86 Juventus Turin LB Brasilien 27 Alex Sandro
55%
85 FC Liverpool CDM Brasilien 24 Fabinho
53%
85 Inter Mailand LM Kroatien 29 Ivan Perisic
52%
87 SSC Neapel CF Italien 27 Lorenzo Insigne
52%
85 Juventus Turin LM Brasilien 27 Douglas Costa
51%
85 Juventus Turin ST Kroatien 32 Mario Mandzukic
51%
85 Atletico Madrid RM Spanien 26 Koke
50%
85 AS Roma CB Griechenland 27 Kostas Manolas
50%
86 Inter Mailand CB Slowakei 23 Milan Skriniar
50%
86 FC Barcelona LW Brasilien 26 Philippe Coutinho
50%
85 FC Arsenal ST Frankreich 27 Alexandre Lacazette
49%
85 Atletico Madrid CM Spanien 23 Saul
47%
86 Manchester City CB Frankreich 24 Aymeric Laporte
45%
85 Juventus Turin CDM Frankreich 31 Blaise Matuidi
45%
85 Atletico Madrid LB Brasilien 32 Filipe Luis
45%
85 Ajax Amsterdam CAM Marokko 25 Hakim Ziyech
44%
85 FC Chelsea RB Spanien 28 Cesar Azpilicueta
41%
86 Juventus Turin GK Polen 28 Wojciech Szczesny
41%
85 FC Valencia CM Spanien 29 Daniel Parejo
40%
85 Olympique Lyon GK Portugal 27 Anthony Lopes
39%
87 Inter Mailand ST Argentinien 25 Mauro Icardi
39%
85 Inter Mailand CM Belgien 30 Radja Nainggolan
35%
85 FC Porto LM Algerien 28 Yacine Brahimi
17%
Keine übereinstimmenden Quizze gefunden
Verteilung der Resultate
Anzahl Personen mit jedem Resultat
Perzentil nach korrekt beantworteten Fragen
Ihre Resultats-Entwicklung
Sie haben dieses Quiz noch nicht gespielt